<?xml version="1.0" encoding="UTF-8"?>
<marc:record xmlns:marc="http://www.loc.gov/MARC21/slim">
   <marc:leader>00000nam a2200000 a 4500</marc:leader>
   <marc:datafield ind1="1" ind2=" " tag="100">
      <marc:subfield code="a">Freeman, Morgan</marc:subfield>
   </marc:datafield>
   <marc:datafield ind1="1" ind2=" " tag="100">
      <marc:subfield code="a">Owen, Clive</marc:subfield>
   </marc:datafield>
   <marc:datafield ind1="0" ind2="0" tag="245">
      <marc:subfield code="a">Last Knights - Die Ritter des 7. Ordens</marc:subfield>
   </marc:datafield>
   <marc:datafield ind1=" " ind2="1" tag="264">
      <marc:subfield code="b">Luka Production</marc:subfield>
      <marc:subfield code="c">2014</marc:subfield>
   </marc:datafield>
   <marc:datafield ind1="1" ind2=" " tag="520">
      <marc:subfield code="a">In einer feudalen, mittelalterlichen Welt ist Raiden ein Mann mit dunkler Vergangenheit, als ihn Lord Bartok aufnimmt und zum Kommandanten seiner Garde von Rittern macht. Da sein Herr selbst kinderlos blieb, lässt er Raiden sogar die allerhöchste Ehre zuteilwerden und setzt ihn als seinen Erben ein. Sein Glück währt allerdings nicht lange, denn der Gesandte des Kaisers, Gezza Mott erniedrigt und ächtet Raiden, woduch ihm und seinen Rittern alle titel und die Lebensgrundlage entzogen werden.</marc:subfield>
   </marc:datafield>
   <marc:datafield ind1=" " ind2=" " tag="020">
      <marc:subfield code="a">4260394334198</marc:subfield>
      <marc:subfield code="9">4260394334198</marc:subfield>
   </marc:datafield>
   <marc:datafield ind1="0" ind2=" " tag="490">
      <marc:subfield code="v">0</marc:subfield>
   </marc:datafield>
   <marc:datafield ind1=" " ind2=" " tag="300">
      <marc:subfield code="a">ca. 110 Min.</marc:subfield>
   </marc:datafield>
</marc:record>
